000 00468 a2200181 4500
005 20260128104216.0
008 260127b |||||||| |||| 00| 0 eng d
020 _a9788189102487
_cRs. 595.00
040 _aMAIN
082 _a796.069
_bC349S
100 _aChakraborty, Samiran
245 _aSports management
260 _bSports Publication
_c2025
_aNew Delhi
300 _a232
650 _aPhysical Education
650 _aSports Management
942 _cBK
999 _c394131
_d394131